=LDR 00000nam 2200000 4500 =001 INLIS000000000025600 =005 20130612124110 =008 ***********************************Ind** =035 ##$$0010-061300000025600 =041 ##$$a Ind =082 ##$$a From d =090 ##$$a From d, Hai c =100 ##$$a Hailey, Arthur =245 ##$$a The evening news, Arthur Haelys =260 ##$$a 1994 $b Jakarta =300 ##$$a 243 hlm, 21 cm =650 ##$$a Novel =850 ##$$a NBPNMAT